| 000 | 00978nam a22002897a 4500 | ||
|---|---|---|---|
| 001 | 0205684015 | ||
| 003 | DO-SdBNP | ||
| 005 | 20180220111654.0 | ||
| 007 | 0205684015 | ||
| 008 | 161206b 1990 sp a ||||| |||| 00| 0 spa d | ||
| 020 | _a8424157877 | ||
| 040 |
_aBPMSU _bspa _cBPMSU |
||
| 100 | 1 | _aVölter, Maria Luise | |
| 240 | 1 |
_aDer Bauer und die Heinzelmännchen. _lEspañol |
|
| 245 | 1 | 0 |
_aEl campesino y los duendes / _cadaptado por Maria Luise Völter ; ilustrado por Gennadij Spirin ; basado en un cuento de Maria Konopnicka. |
| 260 |
_aMadrid : _bEverest, _c [1990]. |
||
| 300 |
_a77 p. : _bil. ; _c27 cm. |
||
| 490 | 1 | _aCascanueces | |
| 500 | _aTraducción de: Der Bauer und die Heinzelmännchen. | ||
| 700 | 1 |
_aSpirin, Gennadij, _d1948- _eil. |
|
| 700 | 1 |
_aPresa Pereira, Miguel, _etr. |
|
| 700 | 1 | _aKonopnicka, Maria | |
| 830 | 0 | _aCascanueces. | |
| 942 |
_2ddc _cBK |
||
| 945 | _aInventariado, 2018/MFF | ||
| 956 |
_2LOPEREZ _310 _620161206 _8BPMSU _a00041 |
||
| 999 |
_c12309 _d12309 |
||